| 000 | 00534nam a2200121Ia 4500 | ||
|---|---|---|---|
| 008 | 171212s9999 xx 000 0 und d | ||
| 100 | _aHambly, Peter S. | ||
| 245 |
_cHambly, Peter S. _aMallarmé devant ses contemporains |
||
| 260 |
_bUniversity of Adelaide Press _c2011 |
||
| 650 | _aLanguage & Literature | ||
| 650 | _aMallarmé, Stéphane, 1842-1898 -- Criticism and interpretation Mallarmé, Stéphane, 1842-1898 -- Influence French poetry -- 19th century -- History and criticism | ||
| 856 | _uhttp://jstor.org/stable/j.ctt1sq5xb4 | ||
| 999 |
_c352936 _d352936 |
||